| 000 | 02742cam a22003858a 4500 | ||
|---|---|---|---|
| 001 | 16048828 | ||
| 005 | 20110721080302.0 | ||
| 008 | 100111s2010 nyu 000 0 eng | ||
| 010 | _a 2010000884 | ||
| 020 | _a0273722336 | ||
| 020 | _a9780273722335 | ||
| 040 |
_aDLC _cDLC |
||
| 050 | 0 | 0 |
_aHB171.5 _b.S6353 2010 |
| 082 | 0 | 0 |
_a330 _222 _bSLO |
| 100 | 1 |
_aSloman, John, _d1947- _927496 |
|
| 245 | 1 | 0 |
_aEconomics for Business / _cJohn Sloman and Kevin Hinde. |
| 250 | _a5th ed. | ||
| 260 |
_aHarrow, England ; _aNew York : _bFinancial Times/Prentice Hall, 2010 _c2010. |
||
| 300 | _ap. cm. | ||
| 505 | 0 | _aThe business environment and business economics -- Economics and the world of business -- Business organisations -- The working of competitive markets -- Business in a market environment -- Demand and the consumer -- Demand and the firm -- Products, marketing and advertising -- Costs of production -- Revenue and profit -- Profit maximisation under perfect competition and monopoly -- Profit maximisation under imperfect competition -- An introduction to business strategy -- Alternative theories of the firm -- Growth strategy -- The small-firm sector -- Pricing strategy -- Labour markets, wages, and industrial relations -- Investment and the employment of capital -- Reasons for government intervention in the market -- Government and the firm -- Government and the market -- Globalisation and multinational business -- International trade -- Trading blocs -- The macroeconomic environment of business -- The balance of payments and exchange rates -- Banking, money and interest rates -- Business activity, employment and inflation -- Demand-side policy -- Supply-side policy -- International economic policy. | |
| 650 | 0 |
_aEconomics. _927497 |
|
| 650 | 0 |
_aBusiness. _927498 |
|
| 650 | 0 |
_aCommerce. _927499 |
|
| 650 | 0 |
_aManagerial economics. _927500 |
|
| 653 |
_bEco _cOctober2011 |
||
| 700 | 1 |
_aHinde, Kevin. _927501 |
|
| 856 |
_3Online resources _uhttp://www.pearsoned.co.uk/sloman _z For obtaining access codes, please cal the libray on Ext. 1372 |
||
| 942 |
_2ddc _cBB |
||
| 999 |
_c16134 _d16134 |
||